| 000 | 00735nam a22002537a 4500 | ||
|---|---|---|---|
| 001 | 0232405789 | ||
| 003 | DO-SdBNP | ||
| 005 | 20180215143428.0 | ||
| 007 | 0232405789 | ||
| 008 | 161214b 1994 nyu a ||||| |||| 00| 0 spa d | ||
| 020 | _a8426316441 | ||
| 040 |
_aBPMSU _bspa _cBPMSU |
||
| 082 |
_axxxx _bxxxx |
||
| 100 | 1 |
_aEsteban, Ángel, _d1948- |
|
| 245 | 1 | 0 |
_aDiario de un elefante / _cÁngel Esteban ; ilustraciones del autor. |
| 260 |
_aMadrid : _bLuis Vives, _c1989. |
||
| 300 |
_a121 p. : _bil. ; _c18 cm. |
||
| 490 | 1 |
_aAla delta _v82 |
|
| 500 | _aPara niños de 3 a 5 años | ||
| 830 | 0 |
_aAla delta ; _v82 |
|
| 942 |
_2ddc _cBK |
||
| 945 | _aInventariado, 2018 / BT | ||
| 956 |
_2LOPEREZ _310 _620161214 _8BPMSU _a00041 |
||
| 999 |
_c12438 _d12438 |
||